Análisis de las políticas de vejez en Europa
Na minha lista:
| Autor principal: | |
|---|---|
| Formato: | Livro |
| Idioma: | espanhol |
| Publicado em: |
Madrid
Ministerio de Asuntos Sociales
1992
|
| Edição: | 1a. ed |
| Colecção: | Servicios Sociales, 16
|
| Assuntos: | |
| Tags: |
Adicionar Tag
Sem tags, seja o primeiro a adicionar uma tag!
|
MARC
| LEADER | 00000nam a2200000 a 4500 | ||
|---|---|---|---|
| 001 | UCH9458 | ||
| 003 | CL-VaPUC | ||
| 008 | 100107e19920000SP |||||||||||||||||spa|d | ||
| 020 | |a 8486852226 | ||
| 082 | 0 | 4 | |a 305.26 |b GUI |2 21 |
| 100 | 0 | |a Guillemard, Anne Marie |e author |9 546564 | |
| 245 | 1 | 0 | |a Análisis de las políticas de vejez en Europa |
| 250 | |a 1a. ed | ||
| 300 | |a 200 p | ||
| 942 | |c BK | ||
| 945 | |d 20100107 00:00:00 |a dcastane | ||
| 260 | |a Madrid |b Ministerio de Asuntos Sociales |c 1992 | ||
| 650 | 0 | |a Adulto mayor |9 311317 | |
| 650 | 0 | |a Calidad de vida |9 322944 | |
| 651 | 0 | |a España |9 254926 | |
| 583 | |a last modification |c 20100107 00:00:00 |k Rodrigo Vera | ||
| 490 | 0 | |a Servicios Sociales, 16 | |
| 999 | |c 339426 |d 339424 | ||
| 952 | |0 0 |1 0 |4 0 |6 305_260000000000000_GUI_1992 |7 0 |8 A |9 433081 |a BIBEDU |b BIBEDU |d 2019-11-22 |i 4632532 |o 305.26 GUI 1992 |p 4632532 |r 2019-11-22 |w 2019-11-22 |y BK |k EBA | ||